[Event "Mittelfranken Landesliga Nord 2223"]
[Site "Mittelfranken"]
[Date "2023.03.19"]
[Round "8.4"]
[White "Roeder, Gerd"]
[Black "Braun, Michael1111"]
[Result "0-1"]
[WhiteElo "1962"]
[BlackElo "2088"]
[PlyCount "92"]
[EventDate "2022.10.09"]
[EventType "team-tourn"]
[EventRounds "9"]
[EventCountry "GER"]
[SourceTitle "EXT 2024"]
[Source "ChessBase"]
[SourceDate "2023.10.10"]
[SourceVersion "1"]
[SourceVersionDate "2023.10.10"]
[SourceQuality "1"]
[WhiteTeam "Altensittenbach"]
[BlackTeam "Nuernberg NT II"]
[WhiteTeamCountry "GER"]
[BlackTeamCountry "GER"]

1. e4 c5 2. c3 Nf6 3. e5 Nd5 4. d4 cxd4 5. cxd4 d6 6. f4 Nc6 7. Nc3 dxe5 8. fxe5 Bf5 9. a3 e6 10. Nf3 Be7 11. Be2 0-0 12. 0-0 Rc8 13. Kh1 Na5 14. Nxd5 Qxd5 15. Bd3 Bxd3 16. Qxd3 Nb3 17. Rb1 Qc4 18. Qxc4 Rxc4 19. Be3 Rfc8 20. h3 a5 21. Rfd1 Kf8 22. Nd2 Nxd2 23. Rxd2 a4 24. Rdd1 Ke8 25. Rbc1 Rxc1 26. Rxc1 Rxc1+ 27. Bxc1 Kd7 28. Kg1 Kc6 29. Kf2 Kd5 30. Ke2 Kxd4 31. Bd2 Kc4 32. Bc3 Bxa3 33. Kd2 Bb4 34. Kc2 Bxc3 35. bxc3 a3 36. g3 b5 37. h4 h5 38. g4 hxg4 39. h5 g3 40. h6 gxh6 41. Kb1 Kxc3 42. Ka2 b4 43. Kb1 g2 44. Ka2 Kc2 45. Ka1 g1Q+ 46. Ka2 Qb1# 0-1

[Event "Mittelfrank Regionalliga Nord-Ost 2122"]
[Site "Mittelfranken"]
[Date "2022.06.26"]
[Round "3.4"]
[White "Roeder, Gerd"]
[Black "Brunner, Tobias"]
[Result "1-0"]
[WhiteElo "1976"]
[BlackElo "2083"]
[PlyCount "149"]
[EventDate "2021.10.24"]
[EventType "team-tourn"]
[EventRounds "9"]
[EventCountry "GER"]
[SourceTitle "EXT 2024"]
[Source "ChessBase"]
[SourceDate "2023.10.10"]
[SourceVersion "1"]
[SourceVersionDate "2023.10.10"]
[SourceQuality "1"]
[WhiteTeam "Altensittenbach"]
[BlackTeam "Windischeschenbach"]
[WhiteTeamCountry "GER"]
[BlackTeamCountry "GER"]

1. e4 c6 2. Nc3 d5 3. Qf3 e6 4. d4 Nf6 5. e5 Nfd7 6. Nh3 Be7 7. Qg3 g6 8. Bg5 b5 9. Bd3 b4 10. Ne2 Ba6 11. Bxa6 Nxa6 12. 0-0 c5 13. a3 Bxg5 14. Nxg5 Qe7 15. axb4 Nxb4 16. c3 Nc6 17. Ra6 Ndb8 18. Ra3 h6 19. Nf3 0-0 20. Qf4 Kg7 21. Rfa1 Nd7 22. dxc5 Nxc5 23. Ned4 Rfc8 24. Nxc6 Rxc6 25. Nd4 Rb6 26. b4 Nd3 27. Qe3 Nb2 28. R3a2 Nc4 29. Qe2 Qc7 30. f4 Rb7 31. g3 a5 32. Kg2 Qb6 33. h4 h5 34. Kf3 Rba7 35. b5 Rb7 36. Ra4 Qc5 37. Qc2 Rc8 38. Qe2 Nb6 39. R4a3 a4 40. Kg2 Ra8 41. Qf2 Qc4 42. Kh3 Nd7 43. Qc2 Nb6 44. Qe2 Qc5 45. Qc2 Rc7 46. Qe2 Rac8 47. Qf2 Qc4 48. Nxe6+ fxe6 49. Qxb6 Kf7 50. Rxa4 Qe2 51. Ra7 Qg4+ 52. Kg2 Rxa7 53. Rxa7+ Kg8 54. Ra2 Qf5 55. Kh2 Kh8 56. Qb7 Rf8 57. Qe7 Rc8 58. b6 Rb8 59. Rb2 Qd3 60. Qf6+ Kh7 61. Qxe6 Qxc3 62. Ra2 Qc4 63. Ra7+ Kh6 64. f5 Qe2+ 65. Kg1 Qe3+ 66. Kf1 Qf3+ 67. Ke1 Qxg3+ 68. Kd2 Qf2+ 69. Kd3 Qf3+ 70. Kd2 Qf2+ 71. Kd3 Rxb6 72. Rh7+ Kxh7 73. Qf7+ Kh8 74. Qf8+ Kh7 75. fxg6+ 1-0

[Event "Mittelfrank Regionalliga Nord-Ost 2122"]
[Site "Mittelfranken"]
[Date "2022.04.03"]
[Round "7.4"]
[White "Wichmann, Adrian"]
[Black "Roeder, Gerd"]
[Result "1/2-1/2"]
[WhiteElo "2038"]
[BlackElo "1976"]
[PlyCount "47"]
[EventDate "2021.10.24"]
[EventType "team-tourn"]
[EventRounds "9"]
[EventCountry "GER"]
[SourceTitle "EXT 2024"]
[Source "ChessBase"]
[SourceDate "2023.10.10"]
[SourceVersion "1"]
[SourceVersionDate "2023.10.10"]
[SourceQuality "1"]
[WhiteTeam "Forchheim SC"]
[BlackTeam "Altensittenbach"]
[WhiteTeamCountry "GER"]
[BlackTeamCountry "GER"]

1. e4 c5 2. Nf3 Nc6 3. d4 cxd4 4. Nxd4 Nf6 5. Nc3 e5 6. Ndb5 d6 7. Bg5 a6 8. Na3 Be7 9. Nc4 0-0 10. Bxf6 Bxf6 11. Qxd6 Qxd6 12. Nxd6 Be6 13. Nd5 Bxd5 14. exd5 Nb4 15. 0-0-0 Rfd8 16. Nxb7 Nxa2+ 17. Kb1 Nc3+ 18. bxc3 Rdb8 19. Be2 Rxb7+ 20. Ka2 Rab8 21. Rb1 Rxb1 22. Rxb1 Rxb1 23. Kxb1 Kf8 24. Bxa6 1/2-1/2

[Event "Mittelfrank Regionalliga Nord-Ost 2122"]
[Site "Mittelfranken"]
[Date "2022.03.20"]
[Round "4.4"]
[White "Roeder, Gerd"]
[Black "Erlbeck, Peter"]
[Result "1/2-1/2"]
[WhiteElo "1976"]
[BlackElo "1987"]
[PlyCount "63"]
[EventDate "2021.10.24"]
[EventType "team-tourn"]
[EventRounds "9"]
[EventCountry "GER"]
[SourceTitle "EXT 2024"]
[Source "ChessBase"]
[SourceDate "2023.10.10"]
[SourceVersion "1"]
[SourceVersionDate "2023.10.10"]
[SourceQuality "1"]
[WhiteTeam "Altensittenbach"]
[BlackTeam "Nuernberg Sued SW II"]
[WhiteTeamCountry "GER"]
[BlackTeamCountry "GER"]

1. e4 c5 2. c3 Nf6 3. e5 Nd5 4. d4 cxd4 5. cxd4 Nc6 6. Nc3 Nxc3 7. bxc3 d5 8. Bd3 e6 9. Nf3 Bd7 10. 0-0 Be7 11. a4 Na5 12. Ba3 Rc8 13. Bxe7 Qxe7 14. Bc2 Rxc3 15. Qd2 Qb4 16. Rfb1 Qc4 17. Bd1 b6 18. Rc1 Rxc1 19. Rxc1 Nb3 20. Rxc4 Nxd2 21. Rc7 Nxf3+ 22. gxf3 Ke7 23. Rxa7 Rc8 24. Be2 Ke8 25. Ra6 Rc1+ 26. Kg2 Rb1 27. Bd3 Rb4 28. Ra8+ Ke7 29. Ra7 Ke8 30. Ra8+ Ke7 31. Ra7 Ke8 32. Ra8+ 1/2-1/2

[Event "Mittelfrank Regionalliga Nord-Ost 2122"]
[Site "Mittelfranken"]
[Date "2022.03.13"]
[Round "6.4"]
[White "Roeder, Gerd"]
[Black "Seregelyes, Csaba"]
[Result "1/2-1/2"]
[WhiteElo "1976"]
[BlackElo "1982"]
[PlyCount "113"]
[EventDate "2021.10.24"]
[EventType "team-tourn"]
[EventRounds "9"]
[EventCountry "GER"]
[SourceTitle "EXT 2024"]
[Source "ChessBase"]
[SourceDate "2023.10.10"]
[SourceVersion "1"]
[SourceVersionDate "2023.10.10"]
[SourceQuality "1"]
[WhiteTeam "Altensittenbach"]
[BlackTeam "Herzogenaurach II"]
[WhiteTeamCountry "GER"]
[BlackTeamCountry "GER"]

1. e4 c5 2. c3 d5 3. exd5 Nf6 4. d4 Nxd5 5. Nf3 cxd4 6. cxd4 Nc6 7. Nc3 e6 8. Bd3 Be7 9. 0-0 Bf6 10. Nxd5 Qxd5 11. Be3 0-0 12. Qd2 g6 13. Rfd1 Nxd4 14. Bxd4 Bxd4 15. Bc2 e5 16. Qh6 Be6 17. Ng5 Rfd8 18. Nxh7 e4 19. Nf6+ Bxf6 20. Rxd5 Bxd5 21. h4 Bxb2 22. Rb1 Bg7 23. Qg5 Bxa2 24. Rxb7 Bd5 25. Rb5 Rac8 26. Rxd5 Rxd5 27. Qxd5 Rxc2 28. Qa8+ Bf8 29. Qxa7 Bc5 30. Qa8+ Kh7 31. Qxe4 Rxf2 32. Kh2 Rf5 33. g4 Bd6+ 34. Kh3 Re5 35. Qd4 Re6 36. Kg2 Be5 37. Qd5 Bf6 38. g5 Be7 39. Kf3 Kg7 40. Qd7 Kg8 41. Kg4 Re4+ 42. Kf3 Re6 43. Kf4 Bd6+ 44. Kf3 Be7 45. Qd5 Kg7 46. Kg4 Kg8 47. Kf3 Kg7 48. Qd4+ Kg8 49. Kg4 Bf8 50. h5 gxh5+ 51. Kxh5 Rg6 52. Qd8 Kg7 53. Qd4+ Kg8 54. Qd7 Kg7 55. Kg4 Kg8 56. Kf5 Kg7 57. Qd4+ 1/2-1/2

[Event "Regionalliga Nord-Ost 1819"]
[Site "Bayern"]
[Date "2018.12.16"]
[Round "4.4"]
[White "Zeltner, Ottmar"]
[Black "Roeder, Gerd"]
[Result "1/2-1/2"]
[WhiteElo "1937"]
[BlackElo "2024"]
[PlyCount "107"]
[EventDate "2018.10.21"]
[EventType "team-tourn"]
[EventRounds "9"]
[EventCountry "GER"]
[SourceTitle "EXT 2022"]
[Source "ChessBase"]
[SourceDate "2021.10.06"]
[SourceVersion "1"]
[SourceVersionDate "2021.10.06"]
[SourceQuality "1"]
[WhiteTeam "Rothenburg"]
[BlackTeam "Altensittenbach"]
[WhiteTeamCountry "GER"]
[BlackTeamCountry "GER"]

1. e4 c5 2. Nf3 Nc6 3. d4 cxd4 4. Nxd4 Nf6 5. Nc3 e5 6. Ndb5 d6 7. Bg5 a6 8. Na3 Be7 9. Nc4 0-0 10. Bxf6 Bxf6 11. Qxd6 Qxd6 12. Nxd6 Be6 13. 0-0-0 Rad8 14. Bc4 Rxd6 15. Rxd6 Bxc4 16. b3 Be6 17. Kb2 Rc8 18. Nd5 Bxd5 19. Rxd5 Nb4 20. Rd2 Bg5 21. Re2 Nc6 22. c3 Kf8 23. h4 Bh6 24. Rd1 Ke7 25. g4 Bf4 26. Rd3 b5 27. Rc2 Nd8 28. Re2 Ne6 29. Re1 b4 30. c4 Nd4 31. Red1 a5 32. a3 bxa3+ 33. Kxa3 Rb8 34. Ka4 Kd6 35. Rxd4+ exd4 36. Rxd4+ Kc6 37. Rd5 Bc7 38. Rf5 f6 39. g5 fxg5 40. hxg5 Re8 41. f3 Rd8 42. Rf7 Rd1 43. b4 Ra1+ 44. Kb3 Rb1+ 45. Ka2 Rxb4 46. Rxg7 Rb2+ 47. Kxb2 Be5+ 48. Kb3 Bxg7 49. f4 Bd4 50. f5 Kd6 51. Ka4 Ke5 52. g6 hxg6 53. fxg6 Kxe4 54. Kxa5 1/2-1/2

[Event "Regionalliga Nord-Ost 1718"]
[Site "Bayern"]
[Date "2017.11.26"]
[Round "3.4"]
[White "Redzepovic, Irfan"]
[Black "Roeder, Gerd"]
[Result "0-1"]
[WhiteElo "2036"]
[BlackElo "2055"]
[PlyCount "60"]
[EventDate "2017.10.22"]
[EventType "team-tourn"]
[EventRounds "9"]
[EventCountry "GER"]
[SourceTitle "EXT 2022"]
[Source "ChessBase"]
[SourceDate "2021.10.06"]
[SourceVersion "1"]
[SourceVersionDate "2021.10.06"]
[SourceQuality "1"]
[WhiteTeam "Nuernberg Sued SW II"]
[BlackTeam "Altensittenbach"]
[WhiteTeamCountry "GER"]
[BlackTeamCountry "GER"]

1. d4 d5 2. Nf3 Nf6 3. c4 c6 4. Nc3 Bf5 5. Bg5 e6 6. Bxf6 Qxf6 7. Qb3 Nd7 8. Qxb7 Rb8 9. Qxc6 Rxb2 10. Ne5 Qd8 11. f3 Bb4 12. Rc1 0-0 13. Nxd7 Qg5 14. Kf2 Qxc1 15. Nxf8 Bxc3 16. g4 Rxe2+ 17. Bxe2 Qxh1 18. gxf5 Bxd4+ 19. Kg3 Qe1+ 20. Kg4 exf5+ 21. Kxf5 g6+ 22. Kg4 h5+ 23. Kh3 Qxe2 24. Qxd5 Qf1+ 25. Kg3 Qg1+ 26. Kh3 Kxf8 27. Qd6+ Kg7 28. c5 Qf1+ 29. Kg3 Qe1+ 30. Kh3 Qe6+ 0-1

[Event "Regionalliga NO 1516"]
[Site "Bayern"]
[Date "2016.04.10"]
[Round "9.2"]
[White "Roeder, Gerd"]
[Black "Oberhofer, Cedric"]
[Result "1/2-1/2"]
[WhiteElo "2069"]
[BlackElo "2031"]
[PlyCount "119"]
[EventDate "2015.10.11"]
[EventType "team-tourn"]
[EventRounds "9"]
[EventCountry "GER"]
[SourceTitle "EXT 2018"]
[Source "ChessBase"]
[SourceDate "2017.10.13"]
[SourceVersion "1"]
[SourceVersionDate "2017.10.13"]
[SourceQuality "1"]
[WhiteTeam "Altensittenbach"]
[BlackTeam "Regensburg Bavaria"]
[WhiteTeamCountry "GER"]
[BlackTeamCountry "GER"]

1. e4 c5 2. c3 g6 3. d4 cxd4 4. cxd4 d5 5. e5 Nc6 6. Nc3 Nh6 7. Bb5 Bg7 8. Nge2 0-0 9. 0-0 Nf5 10. Bxc6 bxc6 11. Na4 f6 12. exf6 Bxf6 13. Bf4 Ba6 14. Be5 Bxe2 15. Qxe2 Nxd4 16. Bxd4 Bxd4 17. Qe6+ Kh8 18. Qxc6 Rc8 19. Qa6 Rc2 20. Qd3 Bxf2+ 21. Kh1 Rc4 22. Nc3 e6 23. Qe2 Rcf4 24. Qxe6 R4f5 25. g4 Rg5 26. Rad1 Bd4 27. Qe2 Rxf1+ 28. Rxf1 Bg7 29. Rf7 Re5 30. Qf3 d4 31. Ne4 d3 32. Nf2 d2 33. Kg2 Re7 34. Rxe7 Qxe7 35. Qa8+ Bf8 36. Qd5 Qe3 37. Qf3 Qe7 38. Qc3+ Bg7 39. Qxd2 Qb7+ 40. Kg1 Bxb2 41. Ne4 Be5 42. Ng5 Qb1+ 43. Kg2 Qb7+ 44. Kg1 Bf6 45. Qf2 Qe7 46. Nf3 Qd7 47. h3 Kg7 48. Kg2 h6 49. Qd2 Qc6 50. Qf2 Qa4 51. Qd2 a5 52. Qd5 Qc2+ 53. Kg3 Qc7+ 54. Kg2 Kh8 55. Nd2 Bg7 56. Nc4 Bc3 57. Nd6 Bg7 58. Nc4 a4 59. Qb5 Qa7 60. Qc6 1/2-1/2

[Event "Regionalliga NO 1516"]
[Site "Bayern"]
[Date "2015.11.15"]
[Round "3.2"]
[White "Roeder, Gerd"]
[Black "Wiemer, Peter"]
[Result "1-0"]
[WhiteElo "2069"]
[BlackElo "2183"]
[PlyCount "51"]
[EventDate "2015.10.11"]
[EventType "team-tourn"]
[EventRounds "9"]
[EventCountry "GER"]
[SourceTitle "EXT 2018"]
[Source "ChessBase"]
[SourceDate "2017.10.13"]
[SourceVersion "1"]
[SourceVersionDate "2017.10.13"]
[SourceQuality "1"]
[WhiteTeam "Altensittenbach"]
[BlackTeam "Zirndorf"]
[WhiteTeamCountry "GER"]
[BlackTeamCountry "GER"]

1. e4 e6 2. d4 d5 3. exd5 exd5 4. Bd3 Nf6 5. Bg5 Be7 6. Ne2 Bg4 7. 0-0 0-0 8. c3 Bh5 9. Qb3 Nbd7 10. Nf4 Re8 11. Nxh5 Nxh5 12. Bxe7 Qxe7 13. Qxd5 Nf4 14. Qf5 Nxd3 15. Qxd3 Qe2 16. Qxe2 Rxe2 17. b3 Nf6 18. c4 Ne4 19. f3 Nd2 20. Nc3 Re3 21. Rfc1 Rd3 22. d5 g5 23. Rc2 Re8 24. Kf2 Ree3 25. Nd1 Re8 26. Nb2 1-0

[Event "Regionalliga NO 1516"]
[Site "Bayern"]
[Date "2015.10.25"]
[Round "2.2"]
[White "Weber, Daniel1111"]
[Black "Roeder, Gerd"]
[Result "0-1"]
[WhiteElo "2103"]
[BlackElo "2069"]
[PlyCount "94"]
[EventDate "2015.10.11"]
[EventType "team-tourn"]
[EventRounds "9"]
[EventCountry "GER"]
[SourceTitle "EXT 2018"]
[Source "ChessBase"]
[SourceDate "2017.10.13"]
[SourceVersion "1"]
[SourceVersionDate "2017.10.13"]
[SourceQuality "1"]
[WhiteTeam "Bechhofen"]
[BlackTeam "Altensittenbach"]
[WhiteTeamCountry "GER"]
[BlackTeamCountry "GER"]

1. e4 c5 2. Nf3 Nc6 3. Bb5 g6 4. Bxc6 dxc6 5. d3 Bg4 6. h3 Bxf3 7. Qxf3 Bg7 8. 0-0 Nf6 9. Nc3 0-0 10. Qg3 e5 11. Qe3 Nd7 12. a4 b6 13. b3 Re8 14. Bb2 Nf8 15. a5 Ne6 16. axb6 axb6 17. Rxa8 Qxa8 18. Ra1 Qb7 19. Qd2 Ra8 20. Rxa8+ Qxa8 21. Ne2 Qa2 22. Qc1 Nc7 23. Qa1 Qxa1+ 24. Bxa1 Na6 25. c3 Kf8 26. f4 exf4 27. Nxf4 c4 28. bxc4 Nc5 29. Kf1 Bh6 30. Ne2 Nxd3 31. Nd4 c5 32. Nb5 Ke7 33. Nc7 Kd6 34. Nd5 Kc6 35. Nf6 Ne5 36. Nxh7 Nxc4 37. Ke2 Kb5 38. Nf6 Ka4 39. Nd7 Kb3 40. Kd3 Bf4 41. g4 Ne5+ 42. Nxe5 Bxe5 43. h4 c4+ 44. Kd2 Ka2 45. Kc2 Kxa1 46. h5 gxh5 47. gxh5 Bf4 0-1

[Event "Bayern-ch Seniors op 27th"]
[Site "Bergen"]
[Date "2015.06.15"]
[Round "7"]
[White "Kochseder, Georg"]
[Black "Roeder, Gerd"]
[Result "1-0"]
[WhiteElo "1871"]
[BlackElo "2047"]
[PlyCount "104"]
[EventDate "2015.06.15"]
[EventType "swiss"]
[EventRounds "9"]
[EventCountry "GER"]
[SourceTitle "EXT 2019"]
[Source "ChessBase"]
[SourceDate "2018.10.10"]
[SourceVersion "1"]
[SourceVersionDate "2018.10.10"]
[SourceQuality "1"]

1. e4 c5 2. Nf3 Nc6 3. d4 cxd4 4. Nxd4 Nf6 5. Nc3 e5 6. Nxc6 bxc6 7. a3 Be7 8. Bc4 0-0 9. 0-0 Bb7 10. Bg5 Nxe4 11. Bxe7 Nxc3 12. Qd6 Ne4 13. Qb4 a5 14. Bxd8 axb4 15. Be7 Rfe8 16. Bxb4 c5 17. Be1 d5 18. Bd3 Nd6 19. f3 c4 20. Be2 Nf5 21. Bf2 Ba6 22. g4 Nd4 23. Bxd4 exd4 24. Rfe1 Re6 25. Bf1 g5 26. Rad1 Rb8 27. b4 cxb3 28. Rxe6 fxe6 29. cxb3 Bxf1 30. Kxf1 Rxb3 31. Ra1 Rxf3+ 32. Ke2 Rh3 33. a4 e5 34. a5 e4 35. Kf2 Rxh2+ 36. Kg3 Rc2 37. a6 Rc8 38. a7 Ra8 39. Kf2 Kf8 40. Ra6 Ke7 41. Rh6 Kd7 42. Rxh7+ Kc6 43. Rg7 Kb6 44. Rxg5 Rxa7 45. Rxd5 Ra2+ 46. Kg3 d3 47. Kf4 Re2 48. g5 Kc6 49. Rd8 Kc7 50. Rd4 d2 51. g6 Rg2 52. g7 Rxg7 1-0

[Event "Bayern-ch Seniors op 27th"]
[Site "Bergen"]
[Date "2015.06.15"]
[Round "8"]
[White "Roeder, Gerd"]
[Black "Niedermaier, Peter"]
[Result "1-0"]
[WhiteElo "2047"]
[BlackElo "1757"]
[PlyCount "77"]
[EventDate "2015.06.15"]
[EventType "swiss"]
[EventRounds "9"]
[EventCountry "GER"]
[SourceTitle "EXT 2019"]
[Source "ChessBase"]
[SourceDate "2018.10.10"]
[SourceVersion "1"]
[SourceVersionDate "2018.10.10"]
[SourceQuality "1"]

1. e4 c5 2. c3 Nf6 3. e5 Nd5 4. d4 cxd4 5. cxd4 Nc6 6. Bc4 Nb6 7. Bb3 d5 8. Nc3 Bf5 9. Nge2 e6 10. 0-0 Be7 11. Ng3 Bg6 12. f4 f5 13. Be3 0-0 14. Qe2 a6 15. Rac1 Na5 16. Na4 Nxb3 17. axb3 Be8 18. Qd1 Bxa4 19. bxa4 Nc4 20. Qb3 Rb8 21. Rf2 b5 22. Nf1 bxa4 23. Qxa4 Qb6 24. Ra1 Rb7 25. Qxa6 Nxb2 26. Qxb6 Rxb6 27. Ra7 Kf7 28. Nd2 Nd1 29. Rf3 Rb2 30. Nf1 Rc8 31. Bd2 Rcc2 32. Rd3 Rb1 33. h3 Nb2 34. Rb3 Rxd2 35. Rbb7 Rdd1 36. Rxe7+ Kf8 37. Reb7 Rxf1+ 38. Kh2 Rh1+ 39. Kg3 1-0

[Event "Bayern-ch Seniors op 27th"]
[Site "Bergen"]
[Date "2015.06.15"]
[Round "3"]
[White "Schmidt, Gerhard3333"]
[Black "Roeder, Gerd"]
[Result "1/2-1/2"]
[WhiteElo "2131"]
[BlackElo "2047"]
[PlyCount "57"]
[EventDate "2015.06.15"]
[EventType "swiss"]
[EventRounds "9"]
[EventCountry "GER"]
[SourceTitle "EXT 2019"]
[Source "ChessBase"]
[SourceDate "2018.10.10"]
[SourceVersion "1"]
[SourceVersionDate "2018.10.10"]
[SourceQuality "1"]

1. d4 d5 2. Nf3 Nf6 3. c4 c6 4. Nc3 Bf5 5. e3 e6 6. Bd3 Bxd3 7. Qxd3 Nbd7 8. 0-0 Bd6 9. e4 dxe4 10. Nxe4 Nxe4 11. Qxe4 0-0 12. Bg5 Nf6 13. Qe2 h6 14. Bh4 Be7 15. Rad1 Qa5 16. Qc2 Rad8 17. Rfe1 g5 18. Re5 Qb6 19. c5 Qa5 20. Nxg5 hxg5 21. Rxg5+ Kh8 22. Qc1 Nh7 23. Rh5 f6 24. Qh6 Rf7 25. Qg6 Rdf8 26. a3 Rg7 27. Qe4 Qa4 28. Re1 e5 29. dxe5 1/2-1/2

[Event "Regionalliga NO 1415"]
[Site "Bayern"]
[Date "2015.02.22"]
[Round "7.2"]
[White "Roeder, Gerd"]
[Black "Feldheim, Jonas"]
[Result "1/2-1/2"]
[WhiteElo "2069"]
[BlackElo "2045"]
[PlyCount "147"]
[EventDate "2014.10.19"]
[EventType "team-tourn"]
[EventRounds "9"]
[EventCountry "GER"]
[SourceTitle "EXT 2018"]
[Source "ChessBase"]
[SourceDate "2017.10.13"]
[SourceVersion "1"]
[SourceVersionDate "2017.10.13"]
[SourceQuality "1"]
[WhiteTeam "Altensittenbach"]
[BlackTeam "Bechhofen"]
[WhiteTeamCountry "GER"]
[BlackTeamCountry "GER"]

1. e4 e6 2. d4 d5 3. Nd2 Nf6 4. e5 Nfd7 5. Bd3 c5 6. c3 b5 7. Bxb5 cxd4 8. cxd4 Qb6 9. Qa4 a6 10. Bd3 Nc6 11. Ne2 Nb4 12. Bb1 a5 13. a3 Nc6 14. Bd3 Ba6 15. Bxa6 Qxa6 16. Nf3 Be7 17. 0-0 0-0 18. Nc3 Rab8 19. Qc2 Qb6 20. Rd1 f6 21. exf6 Bxf6 22. Na4 Qb5 23. Bf4 Rbc8 24. Nc3 Qc4 25. Be3 e5 26. dxe5 Ndxe5 27. Nxe5 Bxe5 28. Rac1 d4 29. Qe4 Qe6 30. Bxd4 Rf4 31. Qd5 Qxd5 32. Nxd5 Rxd4 33. Rxd4 Bxd4 34. Rxc6 Rxc6 35. Ne7+ Kf7 36. Nxc6 Bxb2 37. a4 Bc3 38. Kf1 Ke6 39. Ke2 Kd5 40. Kd3 Be1 41. Ne7+ Kc5 42. f4 Kb4 43. g4 Kxa4 44. Kc4 Ka3 45. Nd5 Kb2 46. Kb5 Kb3 47. Nb6 Kc3 48. Kxa5 Kd4+ 49. Kb5 Ke4 50. f5 Bh4 51. Kc4 Kf4 52. h3 Kg3 53. Nd7 Kxh3 54. Nf8 h6 55. Ne6 Bf6 56. g5 hxg5 57. Kd5 Kg2 58. Ke4 Kf2 59. Nc5 g4 60. Nd3+ Kg2 61. Nf4+ Kf1 62. Nh5 Bg5 63. f6 g6 64. f7 Bh6 65. Nf4 g5 66. Nh5 Kf2 67. Kf5 Kf3 68. Kg6 Bf8 69. Kxg5 g3 70. Nxg3 Kxg3 71. Kg6 Ba3 72. Kg7 Bb4 73. f8Q Bxf8+ 74. Kxf8 1/2-1/2

[Event "Regionalliga NO 1415"]
[Site "Bayern"]
[Date "2014.12.07"]
[Round "4.2"]
[White "Justen, Detlef"]
[Black "Roeder, Gerd"]
[Result "0-1"]
[WhiteElo "2072"]
[BlackElo "2069"]
[PlyCount "66"]
[EventDate "2014.10.19"]
[EventType "team-tourn"]
[EventRounds "9"]
[EventCountry "GER"]
[SourceTitle "EXT 2018"]
[Source "ChessBase"]
[SourceDate "2017.10.13"]
[SourceVersion "1"]
[SourceVersionDate "2017.10.13"]
[SourceQuality "1"]
[WhiteTeam "Gunzenhausen"]
[BlackTeam "Altensittenbach"]
[WhiteTeamCountry "GER"]
[BlackTeamCountry "GER"]

1. c4 c6 2. Nf3 d5 3. e3 Nf6 4. b3 Bg4 5. Be2 e6 6. Bb2 Nbd7 7. 0-0 Be7 8. d3 0-0 9. Nbd2 a5 10. a3 Ne8 11. Qc2 Bf6 12. Rfb1 Bxb2 13. Qxb2 Qf6 14. b4 Qxb2 15. Rxb2 axb4 16. Rxb4 Nd6 17. cxd5 Bxf3 18. Nxf3 exd5 19. d4 Ra7 20. Ne1 Rfa8 21. Nc2 Kf8 22. Bd3 g6 23. f3 f5 24. Re1 Nf6 25. h3 Re8 26. Kf2 h5 27. h4 Kf7 28. Reb1 b5 29. R4b3 Ke7 30. Nb4 Kd7 31. Rc3 Nc4 32. Bxc4 dxc4 33. Ke2 Rea8 0-1

[Event "Regionalliga NO 1415"]
[Site "Bayern"]
[Date "2014.11.23"]
[Round "3.2"]
[White "Roeder, Gerd"]
[Black "Erlbeck, Peter"]
[Result "1/2-1/2"]
[WhiteElo "2069"]
[BlackElo "1964"]
[PlyCount "105"]
[EventDate "2014.10.19"]
[EventType "team-tourn"]
[EventRounds "9"]
[EventCountry "GER"]
[SourceTitle "EXT 2018"]
[Source "ChessBase"]
[SourceDate "2017.10.13"]
[SourceVersion "1"]
[SourceVersionDate "2017.10.13"]
[SourceQuality "1"]
[WhiteTeam "Altensittenbach"]
[BlackTeam "Nuernberg Sued SW II"]
[WhiteTeamCountry "GER"]
[BlackTeamCountry "GER"]

1. e4 c5 2. c3 Nf6 3. e5 Nd5 4. d4 cxd4 5. cxd4 Nc6 6. Bc4 Nb6 7. Bb3 d5 8. Nc3 Bf5 9. Nge2 e6 10. 0-0 Be7 11. Ng3 Bg6 12. f4 Qd7 13. Be3 h5 14. f5 exf5 15. Qf3 Rd8 16. Nxf5 Bxf5 17. Qxf5 Qxf5 18. Rxf5 g6 19. Rf3 0-0 20. Raf1 Kg7 21. Ne2 Nc4 22. Bxc4 dxc4 23. Rc1 b5 24. b3 Ba3 25. Rb1 cxb3 26. Rxb3 b4 27. Rf6 Na5 28. Rb1 Nc4 29. Bg5 Rd7 30. Rc6 Nb6 31. h4 Rc8 32. Rxc8 Nxc8 33. Bd2 a5 34. Be3 Ne7 35. Bf2 Nf5 36. g3 Kf8 37. Rd1 Bb2 38. Kg2 Ke7 39. Kf3 f6 40. Nf4 Nxd4+ 41. Bxd4 Rxd4 42. Re1 fxe5 43. Rxe5+ Kf7 44. Rxa5 Rd6 45. Ra7+ Kf6 46. Ra5 Bc3 47. Nd5+ Kf7 48. Ke4 Be1 49. Ra7+ Kf8 50. Ra8+ Kf7 51. Ra7+ Kf8 52. Ra8+ Kf7 53. Ra7+ 1/2-1/2

[Event "GER-chT Seniors 23rd"]
[Site "Bergen"]
[Date "2014.09.07"]
[Round "7.2"]
[White "Streich, Gerhard"]
[Black "Roeder, Gerd"]
[Result "1/2-1/2"]
[WhiteElo "2124"]
[BlackElo "2197"]
[PlyCount "65"]
[EventDate "2014.09.01"]
[EventType "team-swiss"]
[EventRounds "7"]
[EventCountry "GER"]
[SourceTitle "EXT 2018"]
[Source "ChessBase"]
[SourceDate "2017.10.13"]
[SourceVersion "1"]
[SourceVersionDate "2017.10.13"]
[SourceQuality "1"]

1. Nf3 d5 2. d4 Nf6 3. c4 c6 4. e3 Bg4 5. Nbd2 e6 6. a3 a5 7. h3 Bh5 8. g4 Bg6 9. Ne5 Nfd7 10. Nxg6 hxg6 11. Bg2 Be7 12. Qe2 a4 13. e4 dxe4 14. Nxe4 Nf6 15. d5 exd5 16. Nxf6+ gxf6 17. cxd5 0-0 18. 0-0 Re8 19. Rd1 Bd6 20. Qd3 c5 21. Bd2 Nd7 22. Bc3 Qc7 23. Qf3 Be5 24. d6 Bxd6 25. Rxd6 Qxd6 26. Rd1 Qe6 27. Rxd7 Qxd7 28. Qxf6 Qd1+ 29. Kh2 Kf8 30. Qg7+ Ke7 31. Qf6+ Kf8 32. Qg7+ Ke7 33. Qf6+ 1/2-1/2

[Event "GER-chT Seniors 23rd"]
[Site "Bergen"]
[Date "2014.09.03"]
[Round "3.3"]
[White "Roeder, Gerd"]
[Black "Striebich, Rudolf"]
[Result "0-1"]
[WhiteElo "2197"]
[BlackElo "2182"]
[PlyCount "114"]
[EventDate "2014.09.01"]
[EventType "team-swiss"]
[EventRounds "7"]
[EventCountry "GER"]
[SourceTitle "EXT 2018"]
[Source "ChessBase"]
[SourceDate "2017.10.13"]
[SourceVersion "1"]
[SourceVersionDate "2017.10.13"]
[SourceQuality "1"]

1. e4 c5 2. c3 Nf6 3. e5 Nd5 4. d4 cxd4 5. cxd4 d6 6. Bc4 e6 7. Bxd5 exd5 8. Nf3 Nc6 9. h3 Be6 10. 0-0 Be7 11. Nc3 0-0 12. Bf4 a6 13. Rc1 Rc8 14. Re1 b5 15. a4 b4 16. Ne2 h6 17. Qd3 dxe5 18. dxe5 Qb6 19. Be3 Qb7 20. Ned4 Nxd4 21. Nxd4 Bd7 22. b3 Rc3 23. Rxc3 bxc3 24. Rc1 Bb4 25. Ne2 Ba5 26. Nxc3 Bc6 27. Ne2 d4 28. Bxd4 Bd5 29. Bc5 Re8 30. b4 Bd8 31. Qg3 Bc6 32. Nd4 Be4 33. Re1 Qd5 34. f4 a5 35. Nb5 axb4 36. Bxb4 Re6 37. Nc3 Qd4+ 38. Qe3 Qxb4 39. Kh2 Bc6 40. Rb1 Qc4 41. Rb8 Re8 42. Nb5 Qxa4 43. Nd6 Rf8 44. Qg3 Bd7 45. h4 Bc7 46. Rb7 Bxd6 47. exd6 Qc6 48. Rb3 Qxd6 49. Rd3 Qe6 50. Qf2 Qg4 51. g3 Bf5 52. Rc3 Re8 53. Re3 Rc8 54. Re2 Qh3+ 55. Kg1 Rc1+ 56. Re1 Be4 57. Rxc1 Qh1# 0-1